Catalog

Record Details

Catalog Search



The Theory of the Moiré Phenomenon Volume I: Periodic Layers  Cover Image E-book E-book

The Theory of the Moiré Phenomenon [electronic resource] : Volume I: Periodic Layers / edited by Isaac Amidror.

Amidror, Isaac. (editor.). SpringerLink (Online service) (Added Author).

Record details

  • ISBN: 9781848821811
  • Physical Description: online resource.
  • Edition: Second Edition.
  • Publisher: London : Springer London : 2009.
Subject: Mathematics.
Computer vision.
Fourier analysis.
Mathematics.
Fourier Analysis.
Optics, Optoelectronics, Plasmonics and Optical Devices.
Image Processing and Computer Vision.
Applications of Mathematics.

Electronic resources


LDR 01625nam a22004335i 4500
00122179
003CONS
00520131220074651.0
007cr nn 008mamaa
008100301s2009 xxk| s |||| 0|eng d
020 . ‡a9781848821811 ‡9978-1-84882-181-1
0247 . ‡a10.1007/978-1-84882-181-1 ‡2doi
035 . ‡a(DE-He213)978-1-84882-181-1
050 4. ‡aQA403.5-404.5
072 7. ‡aPBKF ‡2bicssc
072 7. ‡aMAT034000 ‡2bisacsh
1001 . ‡aAmidror, Isaac. ‡eeditor.
24514. ‡aThe Theory of the Moiré Phenomenon ‡h[electronic resource] : ‡bVolume I: Periodic Layers / ‡cedited by Isaac Amidror.
250 . ‡aSecond Edition.
264 1. ‡aLondon : ‡bSpringer London : ‡bImprint: Springer, ‡c2009.
300 . ‡bonline resource.
336 . ‡atext ‡btxt ‡2rdacontent
337 . ‡acomputer ‡bc ‡2rdamedia
338 . ‡aonline resource ‡bcr ‡2rdacarrier
347 . ‡atext file ‡bPDF ‡2rda
4901 . ‡aComputational Imaging and Vision, ‡x1381-6446 ; ‡v38
650 0. ‡aMathematics.
650 0. ‡aComputer vision.
650 0. ‡aFourier analysis.
65014. ‡aMathematics.
65024. ‡aFourier Analysis.
65024. ‡aOptics, Optoelectronics, Plasmonics and Optical Devices.
65024. ‡aImage Processing and Computer Vision.
65024. ‡aApplications of Mathematics.
7102 . ‡aSpringerLink (Online service)
7730 . ‡tSpringer eBooks
77608. ‡iPrinted edition: ‡z9781848821804
830 0. ‡aComputational Imaging and Vision, ‡x1381-6446 ; ‡v38
85640. ‡uhttp://biblioteca.ipicyt.edu.mx:2048/login?url=http://dx.doi.org/10.1007/978-1-84882-181-1 ‡yTexto completo ‡9CONS
950 . ‡aMathematics and Statistics (Springer-11649)
901 . ‡a22179 ‡b ‡c22179 ‡tbiblio ‡sSystem Local

Additional Resources